000 00749nam a2200229 i 4500
001 C2-0215953
003 PPAK
005 20180728104538.0
008 990509s1997 my a|||| ||||| | may d
020 _a9830681106
040 _aPPAK
_beng
_cPPAK
_erda
082 0 4 _a808.84
_2 23
090 0 0 _a808.84
_bKEH
_dR
245 0 0 _aKehidupan di negara saya :
_bkumpulan esei dan lukisan yang berjaya dalam peraduan mengarang dan melukis peringkat ASEAN/JEPUN 1991
264 1 _aKuala Lumpur :
_bInternational Society for Education Information ,
_c1997
300 _a91 pages :
_billustrations ;
_c24 cm
336 _2rdacontent
_atext
337 _2rdamedia
_aunmediated
338 _2rdacarrier
_avolume
650 1 0 _aAsean essays
942 _ddc
_cB
999 _c159643
_d159643